Flagi wybranych Państw A-Z #1 - Statystyki

Ogólne statystyki
  • Ten quiz został rozwiązany 110 razy
  • Średni wynik to 13 z 15
Statystyki odpowiedzi
Obrazkowy Odpowiedź % Poprawnych
Chiny
97%
Estonia
97%
Kanada
97%
Dania
96%
Finlandia
95%
Armenia
90%
Irak
90%
Luksemburg
90%
Oman
87%
Niger
86%
Haiti
83%
Ghana
81%
Jordania
79%
Botswana
73%
Mauretania
73%
Nie znaleziono quizów pasujących do podanych kryteriów
Rozkład punktacji
Procent ludzi z każdym wynikiem
Percentyl według liczby udzielonych odpowiedzi
Twoja historia wyników
Nie rozwiązałeś tego quizu